مكتبة جامعة عجلون الوطنية

فهرس بحث المكتبة

الألعاب الإلكترونية وعلاقتها بالمشكلات الاجتماعية لدى طلبة صعوبات التعلم = Electronic Games and their Relationship to Social Problems among Students learning Disabilities (Record no. 34171)

MARC details
000 -LEADER
fixed length control field 01125nam a22001937a 4500
003 - CONTROL NUMBER IDENTIFIER
control field JO-AjAnu
005 - DATE AND TIME OF LATEST TRANSACTION
control field 20260418110528.0
008 - FIXED-LENGTH DATA ELEMENTS--GENERAL INFORMATION
fixed length control field 260418b jo ||||| |||| 00| 0 ara d
040 ## - CATALOGING SOURCE
Original cataloging agency ANU
Transcribing agency JO-AjAnu
041 ## - LANGUAGE CODE
Language code of original ARA
100 ## - MAIN ENTRY--PERSONAL NAME
Personal name بني ياسين، ايمان مجدي صالح
Relator term معد
9 (RLIN) 66940
245 ## - TITLE STATEMENT
Title الألعاب الإلكترونية وعلاقتها بالمشكلات الاجتماعية لدى طلبة صعوبات التعلم = Electronic Games and their Relationship to Social Problems among Students learning Disabilities
Statement of responsibility, etc. / ايمان مجدي صالح بني ياسين؛ اشراف خالد احمد عبيدات
260 ## - PUBLICATION, DISTRIBUTION, ETC.
Place of publication, distribution, etc. عجلون:
Name of publisher, distributor, etc. جامعة عجلون الوطنية،
Date of publication, distribution, etc. 2026
300 ## - PHYSICAL DESCRIPTION
Extent 94 ورقة
500 ## - GENERAL NOTE
General note رسالة جامعية ( رسالة ماجستير في التربية الخاصة-كلية العلوم التربوية ) جامعة عجلون الوطنية ؛ 2026
650 ## - SUBJECT ADDED ENTRY--TOPICAL TERM
Form subdivision الالعاب الالكترونية-معالجة بيانات-صعوبات التعلم
700 ## - ADDED ENTRY--PERSONAL NAME
Personal name عبيدات، خالد احمد
9 (RLIN) 65487
Relator term مشرف
942 ## - ADDED ENTRY ELEMENTS (KOHA)
Source of classification or shelving scheme Library of Congress Classification
Koha item type Thesis
Suppress in OPAC No
Holdings
Withdrawn status Lost status Source of classification or shelving scheme Damaged status Not for loan Home library Current library Date acquired Total Checkouts Full call number Barcode Date last seen Price effective from Koha item type
    Library of Congress Classification     مكتبة جامعة عجلون الوطنية مكتبة جامعة عجلون الوطنية 18/04/2026   LB1029.2026 A30615 18/04/2026 18/04/2026 Thesis
    Library of Congress Classification     مكتبة جامعة عجلون الوطنية مكتبة جامعة عجلون الوطنية 18/04/2026   LB1029.2026 A30614 18/04/2026 18/04/2026 Thesis